00635nam a2200121Ia 4500001000700000008004100007100003500048245016100083260003200244300001100276502007600287650015000363Z_4038220601s9999 xx 000 0 und d aSolís Pérez, Laura Olimpia aEstructura, comportamiento, tecnologías y rentabilidad de la producción de maíz forrajero en el área de Texcoco / por Laura Olimpia Solís Pérez aChapingo, Méx. : El autor a114 h. aTesis (Ing. Agr. Esp. en Zootecnia) -- UACH. Departamento de Zootecnia a1. Maíz - México (Edo.) 2. Forrajes - México (Edo.) 3. Maíz - Producción 4. Maíz - Costos de producción 5. Maíz como forrajeÌ